रात बीत गयी / (Record no. 116305)

MARC details
000 -LEADER
fixed length control field 01469nam a22002897a 4500
003 - CONTROL NUMBER IDENTIFIER
control field dpl
005 - DATE AND TIME OF LATEST TRANSACTION
control field 20180827150516.0
008 - FIXED-LENGTH DATA ELEMENTS--GENERAL INFORMATION
fixed length control field 180827b xxu||||| |||| 00| 0 eng d
010 ## - LIBRARY OF CONGRESS CONTROL NUMBER
LC control number B-203301
020 ## - INTERNATIONAL STANDARD BOOK NUMBER
Terms of availability 175.00
International Standard Book Number 8188069159
035 ## - SYSTEM CONTROL NUMBER
System control number B-203301, B-203302
037 ## - SOURCE OF ACQUISITION
Source of stock number/acquisition Cen Lib/Ret
040 ## - CATALOGING SOURCE
Original cataloging agency DPL
Language of cataloging HN
Transcribing agency 0
082 ## - DEWEY DECIMAL CLASSIFICATION NUMBER
Classification number
Item number वाजपे
100 ## - MAIN ENTRY--PERSONAL NAME
Personal name वाजपेयी, भगवती प्रसाद
9 (RLIN) 65843
245 ## - TITLE STATEMENT
Title रात बीत गयी /
Statement of responsibility, etc भगवती प्रसाद वाजपेयी ; समपादक बलराम, विराज उपाध्याय
246 ## - VARYING FORM OF TITLE
Title proper/short title Raat beet gayi /
Remainder of title by Bhagwati Prasad Vajpeyi ; sampadak Balram, Viraj Upadhayay
260 ## - PUBLICATION, DISTRIBUTION, ETC. (IMPRINT)
Place of publication, distribution, etc दिल्ली
Name of publisher, distributor, etc स्वराज्य मंदिर प्रकाशन
Date of publication, distribution, etc 2004
270 ## - ADDRESS
Address ब्लाक, सी-8, बिल्डिंग नं. 173 (नियर गौतम बुद्ध पार्क ), यमुना विहार
City दिल्ली
Postal code 110053
300 ## - PHYSICAL DESCRIPTION
Extent 120पृ.
Dimensions 21सेमी (सजिल्द)
650 ## - SUBJECT ADDED ENTRY--TOPICAL TERM
Topical term or geographic name as entry element हिन्दी साहित्य
9 (RLIN) 65844
650 ## - SUBJECT ADDED ENTRY--TOPICAL TERM
Topical term or geographic name as entry element हिन्दी साहित्य -- उपन्यास
9 (RLIN) 46379
650 ## - SUBJECT ADDED ENTRY--TOPICAL TERM
Topical term or geographic name as entry element Hindi literature
9 (RLIN) 65845
650 ## - SUBJECT ADDED ENTRY--TOPICAL TERM
Topical term or geographic name as entry element Hindi literature -- Fiction
9 (RLIN) 65846
700 ## - ADDED ENTRY--PERSONAL NAME
Personal name बलराम, विराज उपाध्याय
9 (RLIN) 58999
942 ## - ADDED ENTRY ELEMENTS (KOHA)
Source of classification or shelving scheme Dewey Decimal Classification
Koha item type Hindi Books
Classification part
Call number suffix वाजपे
Holdings
Withdrawn status Lost status Damaged status Not for loan Home library Current library Date acquired Source of acquisition Cost, normal purchase price Total Checkouts Full call number Barcode Date last seen Copy number Cost, replacement price Price effective from Koha item type Source of classification or shelving scheme Collection code Date checked out
        Central Library Central Library 24/08/2015 Cen Lib/Ret 175.00   उ वाजपे B-203301 24/08/2015 1 175.00 24/08/2015 Hindi Books      
        Patel Nagar Patel Nagar 27/08/2018 BPPD/PUB 175.00 2 उ वाजपे B-203302 16/12/2023   175.00 27/08/2018 Hindi Books Dewey Decimal Classification Fiction 02/12/2023
        Sarojini Nagar Sarojini Nagar 16/10/2021       उ वाजपे B-203303 16/10/2021   175.00 16/10/2021 Hindi Books Dewey Decimal Classification Fiction  

© Delhi Public Library
Hit Counter
free hit counter